MARC details
| 000 -LEADER |
| fixed length control field |
02462nam a2200421Ii 4500 |
| 001 - CONTROL NUMBER |
| control field |
9781787145276 |
| 003 - CONTROL NUMBER IDENTIFIER |
| control field |
UtOrBLW |
| 005 - DATE AND TIME OF LATEST TRANSACTION |
| control field |
20210303084948.0 |
| 006 - FIXED-LENGTH DATA ELEMENTS--ADDITIONAL MATERIAL CHARACTERISTICS |
| fixed length control field |
m o d |
| 007 - PHYSICAL DESCRIPTION FIXED FIELD--GENERAL INFORMATION |
| fixed length control field |
cr un||||||||| |
| 008 - FIXED-LENGTH DATA ELEMENTS--GENERAL INFORMATION |
| fixed length control field |
170915s2017 enk ob 001 0 eng d |
| 020 ## - INTERNATIONAL STANDARD BOOK NUMBER |
| International Standard Book Number |
9781787145276 |
| Qualifying information |
(e-book) |
| 040 ## - CATALOGING SOURCE |
| Original cataloging agency |
UtOrBLW |
| Language of cataloging |
eng |
| Description conventions |
rda |
| Transcribing agency |
UtOrBLW |
| 050 #4 - LIBRARY OF CONGRESS CALL NUMBER |
| Classification number |
HF5636 |
| Item number |
.A38 2017 |
| 072 #7 - SUBJECT CATEGORY CODE |
| Subject category code |
KFC |
| Source |
bicssc |
| 072 #7 - SUBJECT CATEGORY CODE |
| Subject category code |
BUS001010 |
| Source |
bisacsh |
| 080 ## - UNIVERSAL DECIMAL CLASSIFICATION NUMBER |
| Universal Decimal Classification number |
336.7 |
| 082 04 - DEWEY DECIMAL CLASSIFICATION NUMBER |
| Classification number |
657 |
| Edition number |
23 |
| 245 00 - TITLE STATEMENT |
| Title |
Advances in accounting behavioral research. |
| Number of part/section of a work |
Vol. 20 / |
| Statement of responsibility, etc. |
edited by Khondkar E. Karim. |
| 264 #1 - PRODUCTION, PUBLICATION, DISTRIBUTION, MANUFACTURE, AND COPYRIGHT NOTICE |
| Name of producer, publisher, distributor, manufacturer |
Emerald Publishing Limited, |
| 300 ## - PHYSICAL DESCRIPTION |
| Extent |
1 online resource (vii, 196 pages) |
| 500 ## - GENERAL NOTE |
| General note |
Includes index. |
| 504 ## - BIBLIOGRAPHY, ETC. NOTE |
| Bibliography, etc. note |
Includes bibliographical references. |
| 505 0# - FORMATTED CONTENTS NOTE |
| Formatted contents note |
Prelims -- Career-related benefits and turnover intentions in accounting firms: the roles of career growth opportunities, trust in superiors, and organizational commitment -- Accounting systems' design matters: evaluability and mode influence environmental performance judgments -- Debt covenant violation and earnings management: a Neuroscience approach and future directions - A research note -- Stress arousal and burnout as mediators of role stress in Public Accounting -- Multi-disclosures in the context of national cultures: evidence from Islamic Banks -- Market-risk disclosures: the initiation and implementation of a financial reporting innovation -- Index. |
| 520 ## - SUMMARY, ETC. |
| Summary, etc. |
Advances in Accounting Behavioral Research publishes high-quality research encompassing all areas of accounting, including financial, auditing, taxation, managerial, and information systems, addressing a broad range of issues that affect the users, preparers, and assurers of accounting information. Further, this research incorporates theory from, and contributes knowledge and understanding to, applied psychology, sociology, management science, and behavioral economics. |
| 588 0# - SOURCE OF DESCRIPTION NOTE |
| Source of description note |
Print version record |
| 650 #7 - SUBJECT ADDED ENTRY--TOPICAL TERM |
| Topical term or geographic name entry element |
Business & Economics |
| General subdivision |
Accounting |
| -- |
Financial. |
| Source of heading or term |
bisacsh |
| 650 #7 - SUBJECT ADDED ENTRY--TOPICAL TERM |
| Topical term or geographic name entry element |
Accounting. |
| Source of heading or term |
bicssc |
| 650 #0 - SUBJECT ADDED ENTRY--TOPICAL TERM |
| Topical term or geographic name entry element |
Accounting. |
| 650 #0 - SUBJECT ADDED ENTRY--TOPICAL TERM |
| Topical term or geographic name entry element |
Finance. |
| 700 1# - ADDED ENTRY--PERSONAL NAME |
| Personal name |
Karim, Khondkar E., |
| Dates associated with a name |
1961- |
| Relator term |
editor. |
| 776 ## - ADDITIONAL PHYSICAL FORM ENTRY |
| International Standard Book Number |
9781787145283 |
| 856 40 - ELECTRONIC LOCATION AND ACCESS |
| Uniform Resource Identifier |
<a href="https://www.emerald.com/insight/publication/doi/10.1108/S1475-1488201720">https://www.emerald.com/insight/publication/doi/10.1108/S1475-1488201720</a> |